Validación del proceso de adhesión del shaft y tubo de extensión a la carcasa de la válvula de un dispositivo médico de ablación cardíaca

Uloženo v:
Podrobná bibliografie
Hlavní autor: Robinson Huffington, Loleth Elizabeth, 1996-
Další autoři: Richmond Salazar Esteban, 1979- Director del TFG
Médium: Kniha
Jazyk:Spanish
Vydáno: San José, Costa Rica 2020
Témata:
Tagy: Přidat tag
Žádné tagy, Buďte první, kdo vytvoří štítek k tomuto záznamu!

MARC

LEADER 00000nam a2200000Ia 4500
003 013582
005 20230508091519.0
008 140114s2022 cr a 000 ||spa d
040 |c cru CEDI  
100 |a Robinson Huffington, Loleth Elizabeth, 1996-  |9 416 
245 |a Validación del proceso de adhesión del shaft y tubo de extensión a la carcasa de la válvula de un dispositivo médico de ablación cardíaca 
260 |a San José, Costa Rica  |c 2020 
500 |a Práctica dirigida de graduación (licenciatura en ingeniería química)--Universidad de Costa Rica. Facultad de Ingenie-ría. Escuela de Ingeniería Química 
501 |a Director de Práctica Dirigida de Graduación: M.Sc. Paula Solano Sánchez 
650 |x ABLACIÓN POR CATÉTER   |x MEDICINA - APARATOS E INSTRUMENTOS  |x ELECTROFISIOLOGIA 
700 |a Richmond Salazar Esteban, 1979-  |d Director del TFG   |9 22 
942 |c CEDI  |h TFG 8733  |6 TFG_8733_000000000000000 
999 |c 22085  |d 22085